| 000 | 00680nam a2200229 a 4500 | ||
|---|---|---|---|
| 005 | 20220817111612.0 | ||
| 008 | 160302s2002 es r 000 0 spa d | ||
| 020 | _a8426413153 | ||
| 035 | _aUPN01000208633 | ||
| 049 | _aCG | ||
| 050 | 4 |
_aPR6061 E6.6 _bE9.7 |
|
| 100 | 1 |
_aKennedy, A. L. _938764 |
|
| 245 | 1 | 3 |
_aEl éxtasis / _cA. L. Kennedy ; tr. Jofre Homedes Beutnagel. |
| 260 |
_aBarcelona, Esp. : _bLumen, _c2002. |
||
| 300 | _a184 p. | ||
| 440 | 0 |
_aPalabra en el tiempo. _pNarrativa ; _v315 |
|
| 534 |
_pTitulo original: _tOriginal bliss |
||
| 650 | 4 |
_aNOVELA ESCOCESA _924768 |
|
| 650 | 7 |
_aAbuso de la esposa _vNovela _2 _924767 |
|
| 905 | _aLibro | ||
| 999 |
_c180734 _d180734 |
||